Allies of Brazil - Statistics

General Stats
  • This quiz has been taken 141 times
  • The average score is 13 of 18
Answer Stats
Hint Answer % Correct
North America United States of America
95%
South America Argentina
92%
Asia China
92%
Asia/ Europe Russia
92%
Africa South Africa
90%
Europe Portugal
84%
South America Chile
83%
South America Uruguay
82%
Europe France
80%
North America Mexico
80%
South America Paraguay
79%
Asia India
78%
Africa Angola
72%
North America Cuba
62%
Africa Nigeria
51%
Asia Israel
45%
Europe Greece
42%
Asia Bangladesh
31%
No matching quizzes found
Score Distribution
Percent of People with Each Score
Percentile by Number Answered
Your Score History
You have not taken this quiz